|
|
|
|
| LEADER |
00000naa2a2200000 4500 |
| 001 |
384564 |
| 005 |
20231101063246.0 |
| 035 |
|
|
|a (RuTPU)RU\TPU\prd\11439
|
| 090 |
|
|
|a 384564
|
| 100 |
|
|
|a 20030313a2003 k y0rusy50 ca
|
| 101 |
0 |
|
|a rus
|
| 102 |
|
|
|a RU
|
| 200 |
1 |
|
|a Бурение обсадными трубами нашло успешное применение в Южном Техасе
|f К. Фонтено, Т. М. Уоррен, Б. Хатченс
|
| 225 |
1 |
|
|a Нефть мира
|
| 320 |
|
|
|a Библиогр.: 4 назв.
|
| 461 |
|
1 |
|0 (RuTPU)RU\TPU\prd\1175
|x 0202-4578
|t Нефтегазовые технологии
|o научно-технический журнал
|f World Oil ; Pipe Line Industry ; Gulf Publishing Company
|d 1994-
|
| 463 |
|
1 |
|0 (RuTPU)RU\TPU\prd\11481
|t № 1
|v С. 10-16
|d 2003
|
| 610 |
1 |
|
|a обсадные трубы
|
| 610 |
1 |
|
|a Южный Техас
|
| 610 |
1 |
|
|a бурение
|
| 610 |
1 |
|
|a эксплутационные расходы
|
| 610 |
1 |
|
|a экономия времени
|
| 610 |
1 |
|
|a скважины
|
| 610 |
1 |
|
|a эффективность
|
| 700 |
|
1 |
|a Фонтено
|b К.
|g Кайл
|
| 701 |
|
1 |
|a Уоррен
|b Т. М.
|g Томми М.
|
| 701 |
|
1 |
|a Хатченс
|b Б.
|g Брюс
|
| 801 |
|
1 |
|a RU
|b 63413507
|c 20030313
|g PSBO
|
| 801 |
|
2 |
|a RU
|b 63413507
|c 20120113
|g PSBO
|
| 942 |
|
|
|c BK
|